000 00803nab a2200241 u 4500
001 18105
003 HDC
007 cr bn ---aaaaa
008 210225c20111109xx dr|noo 0 a eng d
040 _aHDC
245 0 _aIndonesia: MUI remains alert amid China's barrage of halal products
260 _a[No place] :
_b[publisher not identified],
_c2011
336 _atext
_2rdacontent
337 _acomputer
_2rdamedia
338 _aonline resource
_2rdacarrier
650 _ahalal certification
_9753
650 _ahalal products
_9642
710 _aHalal Focus
856 _zRequest full-text at [email protected]
942 _2lcc
942 _cNEWS
942 _kNWSO 006021
999 _c15421
_d15421